000 00704nam a22002175a 4500
003 LIBRIS
005 20260623152605.0
008 241002uuuuuuuuuxx |||||o|||||000 0|und|d
020 _z9798888650981(PRINT)
040 _aSEK
_ea
_beng
_cGSU
_dGSU
050 _aQA76. 73C15
_bKNA
100 0 _a Knatten, Anders Schau
_eauthor
245 1 0 _aC++ Brain Teasers :
_bExercise your mind ;
_cAnders Schau Knatten
264 1 _aDallas, Texas :
_bThe pragmatic bookshelf ,
_c2024
300 _axiv, 117 pages :
_c23 cm
336 _aText
_btxt
_2rdacontent
337 _aunmediated
_bn
_2rdamedia
338 _avolume
_bnc
_2rdacarrier
504 _aincludes index
942 _2lcc
_cBK
_hQA76.73C15
_kQA
_mKNA
_n0
999 _c2812
_d2812